Statistiques concernant Adhésion des pays de l'UE

Cliquez ici pour prendre le quiz!

Statistiques générales

  • Ce quiz a été pris 112 fois
  • Le résultat moyen est 23 sur 28

Statistiques - réponses

Pays% Correct
Allemagne
100%
France
97%
Belgique
96%
Italie
92%
Luxembourg
91%
Pays-Bas
90%
Espagne
88%
Portugal
88%
Grèce
87%
Irlande
85%
Danemark
83%
Royaume-Uni
83%
Autriche
81%
Croatie
81%
Finlande
78%
Lituanie
78%
Bulgarie
77%
Lettonie
77%
Roumanie
77%
Suède
77%
Estonie
76%
Hongrie
76%
Malte
76%
Chypre
74%
Pologne
73%
République Tchèque
73%
Slovaquie
73%
Slovenie
73%

Distribution des résultats

Percentile par nombre de réponses

% des personnes avec chaque résultat

Votre développement - résultats

Vous n’avez pas pris ce quiz